Statistics for 2018 NHL Draft

Click here to take the quiz!

General Stats

  • This quiz has been taken 19 times
  • The average score is 12 of 31

Answer Stats

# PickPlayerTeamCurrently Playing in NHL?% Correct
1Rasmus DahlinBuffalo SabresYes
100%
2Anderi SvechnikovCarolina HurricanesYes
88%
4Brady TkachukOttowa SenatorsYes
75%
6Filip ZadinaDetroit Red WingsYes
69%
3Jesperi KotkaniemiMontreal CanadiensYes
69%
11Oliver WahlstromNew York IslandersNo
69%
7Quinn HughesVancouver CanucksYes
69%
5Barrett HaytonArizona CoyotesYes
63%
8Adam BoqvistChicago BlackhawksYes
56%
10Evan BouchardEdmonton OilersYes
56%
12Noah DobsonNew York Islanders (From Calgary)Yes
56%
20Rasmus KupariLos Angeles KingsNo
44%
21Ryan MerkleySan Jose SharksNo
44%
9Vitali KravtsovNew York RangersYes
44%
14Joel FarabeePhilidelphia Flyers (From ST Louis)Yes
38%
17Ty SmithNew Jersey DevilsNo
38%
30Joe VelenoDetriot Red Wings (From Vegas)No
31%
22K'Andre MillerNew York Rangers (From Ottowa via Pittsburgh)No
31%
29Rasmus SandinToronto Maple Leafs (From ST Louis via Winnipeg)Yes
31%
15Grigori DenisenkoFlorida PanthersNo
25%
31Alexander AlexeyevWasington CapitalsNo
19%
16Martin KautColorado AvalancheNo
19%
27Nicholas BeaudinChicago BlackhawksNo
19%
28Nils LundkvistNew York RangersNo
19%
25Dominik BokkST Louis Blues (From Toronto)No
13%
24Fillip JohanssonMinnesota WildNo
13%
19Jay O'BrienPhilidelphia FlyersNo
13%
18Liam FoudyColumbus Blue JacketsNo
13%
23Isac LunderstromAnahiem DucksYes
0%
26Jacob BernadDockerOttowa Senators (From NY Rangers via Boston)No
0%
13Ty DellanderaDallas StarsNo
0%

Score Distribution

Percentile by Number Answered

Percent of People with Each Score

Your Score History

You have not taken this quiz